Gestión Financiera (Registro nro. 53673)
[ vista simple ]
| 000 -LEADER | |
|---|---|
| campo de control de longitud fija | 01510nam a2200301 i 4500 |
| 003 - IDENTIFICADOR DE NÚMERO DE CONTROL | |
| campo de control | peliumch |
| 005 - FECHA Y HORA DE LA ÚLTIMA TRANSACCIÓN | |
| campo de control | 20260304145933.0 |
| 007 - CAMPO FIJO DE DESCRIPCIÓN FÍSICA--INFORMACIÓN GENERAL | |
| campo de control de longitud fija | ta |
| 008 - DATOS DE LONGITUD FIJA--INFORMACIÓN GENERAL | |
| campo de control de longitud fija | 260304b |||||||| |||| 00| 0 eng d |
| 020 ## - NÚMERO INTERNACIONAL ESTÁNDAR DEL LIBRO | |
| Número Internacional Estándar del Libro | 9786124069208 |
| 040 ## - FUENTE DE CATALOGACIÓN | |
| Centro catalogador/agencia de origen | UMCH |
| Lengua de catalogación | spa |
| Centro/agencia transcriptor | UMCH |
| Centro/agencia modificador | crc |
| Normas de descripción | rda |
| 041 ## - CÓDIGO DE IDIOMA | |
| Código de lengua del texto/banda sonora o título independiente | spa |
| 043 ## - CÓDIGO DE ÁREA GEOGRÁFICA | |
| Código de área geográfica | s-pe-- |
| 082 ## - NÚMERO DE LA CLASIFICACIÓN DECIMAL DEWEY | |
| Número de clasificación | 658.1/T37/2010 |
| 100 ## - ENTRADA PRINCIPAL--NOMBRE DE PERSONA | |
| Nombre de persona | Tennent, John |
| Término indicativo de función/relación | autor |
| 245 ## - MENCIÓN DEL TÍTULO | |
| Título | Gestión Financiera |
| Resto del título | Principios básicos paso a paso |
| Mención de responsabilidad, etc. | Tennent, Jhon |
| 250 ## - MENCION DE EDICION | |
| Mención de edición | Primera edición |
| 264 ## - PRODUCCIÓN, PUBLICACIÓN, DISTRIBUCIÓN, FABRICACIÓN Y COPYRIGHT | |
| Producción, publicación, distribución, fabricación y copyright | Lima, Perú, |
| Nombre del de productor, editor, distribuidor, fabricante | Producciones Cantabria SAC |
| Fecha de producción, publicación, distribución, fabricación o copyright | 2010 |
| 300 ## - DESCRIPCIÓN FÍSICA | |
| Extensión | 287 p. |
| 505 0# - NOTA DE CONTENIDO CON FORMATO | |
| Información miscelánea | 1 : |
| Título | Definición de negocio exitoso -- |
| Información miscelánea | 2 : |
| Título | Estructuras comerciales -- |
| Información miscelánea | 3 : |
| Título | El rol del departamento de finanzas -- |
| Información miscelánea | 4 : |
| Título | Estados financieros y sistemas contables -- |
| Información miscelánea | 5 : |
| Título | Conceptos y principios contables -- |
| Información miscelánea | 6 : |
| Título | Inversores -- |
| Información miscelánea | 7 : |
| Título | Costo del servicio -- |
| Información miscelánea | 8 :<br/> |
| Título | Precio del producto y rentabilidad -- |
| Información miscelánea | 9 : |
| Título | Gestión de la cartera -- |
| Información miscelánea | 10 : |
| Título | Evaluación de la inversión -- |
| Información miscelánea | 11 : |
| Título | Planificación , presupuesto e información del negocio -- |
| Información miscelánea | 12 : |
| Título | Coeficientes y métricas operativos -- |
| Información miscelánea | 13 : |
| Título | Mercado accionario y medidas del inversor -- |
| Información miscelánea | 14 : |
| Título | Gestión del capital de trabajp -- |
| Información miscelánea | 15 : |
| Título | Informes y estados contables publicados -- |
| Información miscelánea | 16 : |
| Título | Complejidades contables. |
| 521 ## - NOTA DE PÚBLICO DESTINATARIO | |
| Nota de público destinatario | Recomendado para un público en general. |
| 700 ## - ENTRADA AGREGADA--NOMBRE PERSONAL | |
| Nombre de persona | Tennent, John. |
| Término indicativo de función/relación | autor. |
| 942 ## - ELEMENTOS DE ENTRADA SECUNDARIOS (KOHA) | |
| Fuente del sistema de clasificación o colocación | Clasificación Decimal Dewey |
| Tipo de ítem Koha | Libros |
| Suprimir en OPAC | No |
| Estatus retirado | Estado de pérdida | Fuente del sistema de clasificación o colocación | Estado de daño | No para préstamo | Biblioteca de origen | Biblioteca actual | Fecha de adquisición | Total checkouts | Signatura topográfica completa | Código de barras | Visto por última vez | Precio de reemplazo | Tipo de ítem Koha |
|---|---|---|---|---|---|---|---|---|---|---|---|---|---|
| Clasificación Decimal Dewey | Biblioteca Central | Biblioteca Central | 04/03/2026 | 658.1/T37/2010 | 035876 | 04/03/2026 | 04/03/2026 | Libros |

